000 01168nam a2200265Ia 4500
999 _c34785
_d34785
001 595
003 GE_BSU
005 20251023211714.0
008 181216s2006||||ge |||||||||||||| ||geo||
020 _a9994036947
040 _cGE_BSU
041 _ageo
080 _a336.6(075.8) თ-86
100 _aთურმანიძე, ა.
_926097
245 _aფინანსური ურთიერთობის აქტუალური საკითხები :
_b [უმაღლ. სასწ. ეკონ. პროფილის სტუდ. /
_cალექსანდრე თურმანიძე; რედ. შ. ბენია.
264 _aთბილისი :
_bთობალისი,
_c2006.
300 _a71 გვ.;
_b20 სმ.
504 _aბიბლიოგრ.: გვ. 70.
541 _h4ლ.
653 _aფინანსების თეორია
653 _aფინანსების მართვა
653 _aფინანსური ანგარიშგება
653 _aსაბაზრო ეკონომიკის მართვა
942 _cBK
_2udc